[Event "ODJM C 2024"]
[Site "Willingen GER"]
[Date "2024.05.22"]
[Round "5"]
[White "Frydel, Helena"]
[Black "Winklmann, Alexander"]
[Result "0-1"]
[Termination "normal"]
[Board "19"]
[WhiteElo "1485"]
[BlackElo "1075"]
[WhiteClock "00:44:07"]
[BlackClock "00:42:53"]
[PlyCount "120"]
[WhiteFideId "16266536"]
[BlackFideId "533001979"]
[EventCountry "GER"]
[EventRounds "9"]
[EventType "swiss"]
[EventDate "2024.05.18"]

1. e4 {[%clk 01:30:57]} {[%emt 00:00:03]} e5 {[%clk 01:30:52]} {[%emt
00:00:09]} 2. Nf3 {[%clk 01:31:17]} {[%emt 00:00:09]} Nc6 {[%clk 01:30:18]}
{[%emt 00:01:04]} 3. Nc3 {[%clk 01:31:34]} {[%emt 00:00:13]} Bb4 {[%clk
01:30:20]} {[%emt 00:00:28]} 4. d4 {[%clk 01:30:58]} {[%emt 00:01:06]} Nf6
{[%clk 01:29:32]} {[%emt 00:01:16]} 5. Bg5 {[%clk 01:30:19]} {[%emt 00:01:10]}
h6 {[%clk 01:27:08]} {[%emt 00:02:55]} 6. Bh4 {[%clk 01:26:18]} {[%emt
00:04:31]} g5 {[%clk 01:25:55]} {[%emt 00:01:43]} 7. Bg3 {[%clk 01:26:34]}
{[%emt 00:00:13]} Nxe4 {[%clk 01:23:10]} {[%emt 00:03:16]} 8. Qd3 {[%clk
01:22:50]} {[%emt 00:04:13]} Bxc3+ {[%clk 01:18:59]} {[%emt 00:04:42]} 9. bxc3
{[%clk 01:23:00]} {[%emt 00:00:20]} Nxg3 {[%clk 01:18:42]} {[%emt 00:00:46]}
10. hxg3 {[%clk 01:23:08]} {[%emt 00:00:23]} Qe7 {[%clk 01:18:42]} {[%emt
00:00:30]} 11. Kd2 {[%clk 01:18:37]} {[%emt 00:05:01]} e4 {[%clk 01:17:12]}
{[%emt 00:01:59]} 12. Qc4 {[%clk 01:18:46]} {[%emt 00:00:22]} d5 {[%clk
01:17:01]} {[%emt 00:00:41]} 13. Qxd5 {[%clk 01:17:31]} {[%emt 00:01:45]} exf3
{[%clk 01:16:33]} {[%emt 00:00:57]} 14. Re1 {[%clk 01:17:56]} {[%emt 00:00:06]}
Be6 {[%clk 01:16:46]} {[%emt 00:00:17]} 15. Qxf3 {[%clk 01:18:04]} {[%emt
00:00:21]} O-O-O {[%clk 01:14:24]} {[%emt 00:02:51]} 16. Bd3 {[%clk 01:06:29]}
{[%emt 00:12:07]} Qd6 {[%clk 01:11:38]} {[%emt 00:03:15]} 17. Rb1 {[%clk
01:02:45]} {[%emt 00:04:15]} Bxa2 {[%clk 01:08:02]} {[%emt 00:04:06]} 18. Ra1
{[%clk 01:03:06]} {[%emt 00:00:09]} Bd5 {[%clk 01:07:19]} {[%emt 00:01:12]} 19.
Qf5+ {[%clk 01:02:29]} {[%emt 00:01:06]} Rd7 {[%clk 01:03:29]} {[%emt
00:04:20]} 20. Rhe1 {[%clk 01:01:30]} {[%emt 00:01:30]} Bxg2 {[%clk 01:01:04]}
{[%emt 00:02:55]} 21. Qb5 {[%clk 01:01:45]} {[%emt 00:00:11]} Qd5 {[%clk
00:59:25]} {[%emt 00:02:10]} 22. Qb2 {[%clk 01:01:06]} {[%emt 00:01:10]} g4
{[%clk 00:58:25]} {[%emt 00:01:30]} 23. Rab1 {[%clk 01:00:38]} {[%emt
00:00:56]} Qg5+ {[%clk 00:53:51]} {[%emt 00:05:06]} 24. Kd1 {[%clk 00:59:09]}
{[%emt 00:01:59]} Bf3+ {[%clk 00:53:34]} {[%emt 00:00:48]} 25. Be2 {[%clk
00:59:25]} {[%emt 00:00:15]} Bxe2+ {[%clk 00:53:47]} {[%emt 00:00:17]} 26. Rxe2
{[%clk 00:59:50]} {[%emt 00:00:05]} b6 {[%clk 00:53:47]} {[%emt 00:00:29]} 27.
Qa2 {[%clk 00:59:30]} {[%emt 00:00:48]} Qa5 {[%clk 00:53:49]} {[%emt 00:00:30]}
28. Qc4 {[%clk 00:59:38]} {[%emt 00:00:21]} Ne5 {[%clk 00:53:09]} {[%emt
00:01:10]} 29. Qb3 {[%clk 00:57:50]} {[%emt 00:02:16]} h5 {[%clk 00:51:21]}
{[%emt 00:02:22]} 30. Kc1 {[%clk 00:57:58]} {[%emt 00:00:20]} Nf3 {[%clk
00:50:45]} {[%emt 00:01:04]} 31. Qc4 {[%clk 00:57:56]} {[%emt 00:00:33]} Qa3+
{[%clk 00:49:46]} {[%emt 00:01:31]} 32. Rb2 {[%clk 00:58:15]} {[%emt 00:00:11]}
h4 {[%clk 00:50:07]} {[%emt 00:00:07]} 33. Qc6 {[%clk 00:58:10]} {[%emt
00:00:36]} Rdd8 {[%clk 00:49:21]} {[%emt 00:01:13]} 34. Qa8+ {[%clk 00:57:05]}
{[%emt 00:01:38]} Kd7 {[%clk 00:48:18]} {[%emt 00:01:32]} 35. Qd5+ {[%clk
00:56:24]} {[%emt 00:01:11]} Qd6 {[%clk 00:46:37]} {[%emt 00:02:13]} 36. Qe4
{[%clk 00:50:25]} {[%emt 00:06:27]} Qh6+ {[%clk 00:43:50]} {[%emt 00:03:18]}
37. Kb1 {[%clk 00:50:07]} {[%emt 00:00:49]} Nd2+ {[%clk 00:42:28]} {[%emt
00:01:52]} 38. Rxd2 {[%clk 00:50:25]} {[%emt 00:00:12]} Qxd2 {[%clk 00:42:40]}
{[%emt 00:00:17]} 39. Qxg4+ {[%clk 00:50:45]} {[%emt 00:00:11]} Kd6 {[%clk
00:41:42]} {[%emt 00:01:24]} 40. Qf5 {[%clk 00:47:09]} {[%emt 00:04:06]} Qe1+
{[%clk 00:39:19]} {[%emt 00:02:57]} 41. Ka2 {[%clk 00:41:43]} {[%emt 00:05:56]}
Qe6+ {[%clk 00:38:39]} {[%emt 00:01:10]} 42. Qxe6+ {[%clk 00:42:06]} {[%emt
00:00:07]} fxe6 {[%emt 00:00:08]} 43. gxh4 {[%clk 00:42:28]} {[%emt 00:00:07]}
Rxh4 {[%clk 00:39:28]} {[%emt 00:00:04]} 44. Kb3 {[%clk 00:41:21]} {[%emt
00:01:38]} Rf4 {[%clk 00:38:06]} {[%emt 00:01:52]} 45. Ra2 {[%clk 00:41:44]}
{[%emt 00:00:07]} a5 {[%clk 00:38:29]} {[%emt 00:00:07]} 46. Ra1 {[%clk
00:41:15]} {[%emt 00:00:58]} Rxf2 {[%clk 00:38:52]} {[%emt 00:00:07]} 47. Rh1
{[%clk 00:41:28]} {[%emt 00:00:14]} c5 {[%clk 00:39:16]} {[%emt 00:00:10]} 48.
dxc5+ {[%clk 00:41:33]} {[%emt 00:00:25]} Kxc5 {[%clk 00:39:36]} {[%emt
00:00:09]} 49. Rh5+ {[%clk 00:41:50]} {[%emt 00:00:12]} Rf5 {[%clk 00:39:59]}
{[%emt 00:00:08]} 50. Rh6 {[%clk 00:42:11]} {[%emt 00:00:10]} e5 {[%clk
00:40:15]} {[%emt 00:00:14]} 51. Re6 {[%clk 00:42:32]} {[%emt 00:00:09]} Rd2
{[%clk 00:40:23]} {[%emt 00:00:22]} 52. Re7 {[%clk 00:42:31]} {[%emt 00:00:31]}
a4+ {[%clk 00:40:35]} {[%emt 00:00:19]} 53. Kxa4 {[%clk 00:42:28]} {[%emt
00:00:33]} Rxc2 {[%clk 00:40:58]} {[%emt 00:00:07]} 54. Kb3 {[%clk 00:42:53]}
{[%emt 00:00:05]} Rg2 {[%clk 00:41:12]} {[%emt 00:00:13]} 55. Rc7+ {[%clk
00:43:11]} {[%emt 00:00:14]} Kd6 {[%clk 00:41:37]} {[%emt 00:00:05]} 56. Rc4
{[%clk 00:43:31]} {[%emt 00:00:10]} Rf3 {[%clk 00:41:50]} {[%emt 00:00:17]} 57.
Rb4 {[%clk 00:43:33]} {[%emt 00:00:29]} Rgg3 {[%clk 00:42:07]} {[%emt
00:00:13]} 58. Rxb6+ {[%clk 00:43:20]} {[%emt 00:00:43]} Kc5 {[%clk 00:42:32]}
{[%emt 00:00:07]} 59. Rb4 {[%clk 00:43:41]} {[%emt 00:00:08]} Rxc3+ {[%clk
00:42:56]} {[%emt 00:00:05]} 60. Ka4 {[%clk 00:44:07]} {[%emt 00:00:05]} Ra3#
{[%clk 00:42:53]} {[%emt 00:00:32]} 0-1

[Event "ODJM C 2024"]
[Site "Willingen GER"]
[Date "2024.05.22"]
[Round "5"]
[White "Claussen, Daniela"]
[Black "Pawlus, Daniel"]
[Result "1-0"]
[Termination "normal"]
[Board "20"]
[WhiteElo "1436"]
[BlackElo "1060"]
[WhiteClock "01:21:14"]
[BlackClock "01:12:26"]
[PlyCount "29"]
[WhiteFideId "16248929"]
[BlackFideId "34672320"]
[EventCountry "GER"]
[EventRounds "9"]
[EventType "swiss"]
[EventDate "2024.05.18"]

1. b3 {[%clk 01:30:57]} {[%emt 00:00:02]} d6 {[%clk 01:29:58]} {[%emt
00:01:02]} 2. e3 {[%clk 01:30:54]} {[%emt 00:00:33]} g6 {[%clk 01:28:58]}
{[%emt 00:01:31]} 3. Bb2 {[%clk 01:31:07]} {[%emt 00:00:18]} e5 {[%clk
01:28:41]} {[%emt 00:00:46]} 4. f4 {[%clk 01:30:29]} {[%emt 00:01:08]} Bg7
{[%clk 01:28:26]} {[%emt 00:00:44]} 5. fxe5 {[%clk 01:29:40]} {[%emt 00:01:19]}
c5 {[%clk 01:24:17]} {[%emt 00:04:40]} 6. Nf3 {[%clk 01:28:51]} {[%emt
00:01:19]} Nc6 {[%clk 01:23:08]} {[%emt 00:01:38]} 7. Bb5 {[%clk 01:28:52]}
{[%emt 00:00:29]} Nge7 {[%clk 01:22:33]} {[%emt 00:01:04]} 8. Qc1 {[%clk
01:28:01]} {[%emt 00:01:22]} O-O {[%clk 01:21:52]} {[%emt 00:01:11]} 9. exd6
{[%clk 01:26:01]} {[%emt 00:02:30]} Bxb2 {[%clk 01:19:15]} {[%emt 00:03:06]}
10. Qxb2 {[%clk 01:24:47]} {[%emt 00:01:45]} Qxd6 {[%clk 01:19:26]} {[%emt
00:00:19]} 11. Nc3 {[%clk 01:23:00]} {[%emt 00:02:17]} h6 {[%clk 01:14:33]}
{[%emt 00:05:23]} 12. Ne4 {[%clk 01:21:13]} {[%emt 00:02:17]} Qd8 {[%clk
01:12:19]} {[%emt 00:02:44]} 13. Nf6+ {[%clk 01:21:03]} {[%emt 00:00:39]} Kg7
{[%clk 01:12:39]} {[%emt 00:00:10]} 14. Nh5+ {[%clk 01:21:23]} {[%emt
00:00:10]} Kg8 {[%clk 01:12:26]} {[%emt 00:00:43]} 15. Qg7# {[%clk 01:21:14]}
{[%emt 00:00:09]} 1-0

[Event "ODJM C 2024"]
[Site "Willingen GER"]
[Date "2024.05.22"]
[Round "5"]
[White "Rose, Elias Bernd"]
[Black "Sniegowski, Victoria"]
[Result "1-0"]
[Termination "normal"]
[Board "21"]
[WhiteElo "1292"]
[BlackElo "1001"]
[WhiteClock "01:07:27"]
[BlackClock "01:08:25"]
[PlyCount "107"]
[WhiteFideId "34665730"]
[BlackFideId "34675612"]
[EventCountry "GER"]
[EventRounds "9"]
[EventType "swiss"]
[EventDate "2024.05.18"]

1. e4 {[%clk 01:30:52]} {[%emt 00:00:07]} e5 {[%clk 01:30:49]} {[%emt
00:00:12]} 2. Nf3 {[%clk 01:31:13]} {[%emt 00:00:08]} Nf6 {[%clk 01:31:01]}
{[%emt 00:00:19]} 3. Nxe5 {[%emt 00:00:12]} d6 {[%clk 01:31:13]} {[%emt
00:00:15]} 4. Nf3 {[%clk 01:31:53]} {[%emt 00:00:10]} Nxe4 {[%clk 01:31:31]}
{[%emt 00:00:12]} 5. d3 {[%clk 01:32:13]} {[%emt 00:00:11]} Nf6 {[%emt
00:00:11]} 6. Nc3 {[%clk 01:31:25]} {[%emt 00:01:17]} Nc6 {[%clk 01:30:12]}
{[%emt 00:02:09]} 7. Be3 {[%clk 01:30:53]} {[%emt 00:01:01]} b6 {[%clk
01:29:52]} {[%emt 00:00:50]} 8. Be2 {[%clk 01:30:49]} {[%emt 00:00:34]} Be7
{[%clk 01:30:11]} {[%emt 00:00:39]} 9. O-O {[%clk 01:31:02]} O-O {[%clk
01:30:32]} 10. Qd2 {[%clk 01:30:13]} {[%emt 00:01:16]} Re8 {[%clk 01:28:37]}
{[%emt 00:02:26]} 11. Rfe1 {[%clk 01:30:04]} {[%emt 00:00:38]} d5 {[%clk
01:27:28]} {[%emt 00:01:38]} 12. d4 {[%emt 00:08:06]} Ng4 {[%clk 01:21:01]}
{[%emt 00:06:55]} 13. Bb5 {[%clk 01:20:42]} {[%emt 00:02:19]} Bb7 {[%clk
01:19:55]} {[%emt 00:01:36]} 14. h3 {[%clk 01:20:24]} {[%emt 00:00:47]} Nxe3
{[%clk 01:18:39]} {[%emt 00:01:47]} 15. Rxe3 {[%clk 01:19:54]} {[%emt
00:01:00]} h6 {[%clk 01:18:30]} {[%emt 00:00:39]} 16. Rae1 {[%clk 01:17:32]}
{[%emt 00:02:52]} Qd7 {[%clk 01:17:35]} {[%emt 00:01:25]} 17. Ne5 {[%clk
01:15:47]} {[%emt 00:02:15]} Qd6 {[%clk 01:14:55]} {[%emt 00:03:09]} 18. Nxc6
{[%clk 01:15:55]} {[%emt 00:00:23]} Bxc6 {[%clk 01:15:05]} {[%emt 00:00:19]}
19. Bxc6 {[%clk 01:16:09]} {[%emt 00:00:17]} Qxc6 {[%clk 01:15:23]} {[%emt
00:00:12]} 20. Rxe7 {[%clk 01:16:27]} {[%emt 00:00:12]} Rxe7 {[%clk 01:15:21]}
{[%emt 00:00:32]} 21. Rxe7 {[%clk 01:16:49]} {[%emt 00:00:08]} Qd6 {[%clk
01:14:49]} {[%emt 00:01:03]} 22. Qe2 {[%clk 01:13:48]} {[%emt 00:03:27]} Qc6
{[%clk 01:12:33]} {[%emt 00:02:49]} 23. Qf3 {[%clk 01:12:08]} {[%emt 00:02:06]}
Rf8 {[%clk 01:12:47]} {[%emt 00:00:20]} 24. Qxd5 {[%clk 01:12:22]} {[%emt
00:00:16]} Qf6 {[%clk 01:12:37]} {[%emt 00:00:39]} 25. Qe5 {[%clk 01:10:12]}
{[%emt 00:02:41]} Qxe5 {[%clk 01:11:40]} {[%emt 00:01:27]} 26. Rxe5 {[%clk
01:10:17]} {[%emt 00:00:25]} f6 {[%clk 01:11:45]} {[%emt 00:00:25]} 27. Re7
{[%clk 01:10:36]} {[%emt 00:00:11]} Rd8 {[%clk 01:11:04]} {[%emt 00:01:11]} 28.
Ne2 {[%clk 01:10:43]} {[%emt 00:00:21]} c5 {[%clk 01:09:17]} {[%emt 00:02:18]}
29. c3 {[%clk 01:09:37]} {[%emt 00:01:37]} c4 {[%clk 01:08:55]} {[%emt
00:00:52]} 30. Rxa7 {[%clk 01:06:43]} {[%emt 00:03:25]} b5 {[%clk 01:09:14]}
{[%emt 00:00:10]} 31. f3 {[%clk 01:05:57]} {[%emt 00:01:16]} g5 {[%clk
01:08:38]} {[%emt 00:01:06]} 32. Kf2 {[%clk 01:06:15]} {[%emt 00:00:12]} Re8
{[%clk 01:08:43]} {[%emt 00:00:25]} 33. Ng3 {[%clk 01:06:30]} {[%emt 00:00:15]}
Kf8 {[%clk 01:07:43]} {[%emt 00:01:30]} 34. Ne4 {[%clk 01:05:43]} {[%emt
00:01:17]} f5 {[%clk 01:06:38]} {[%emt 00:01:35]} 35. Nd6 {[%clk 01:03:42]}
{[%emt 00:02:31]} Re6 {[%clk 01:06:39]} {[%emt 00:00:29]} 36. Nxb5 {[%clk
01:03:43]} {[%emt 00:00:29]} Rb6 {[%clk 01:06:02]} {[%emt 00:01:07]} 37. a4
{[%clk 01:03:27]} {[%emt 00:00:46]} f4 {[%clk 01:05:59]} {[%emt 00:00:33]} 38.
d5 {[%clk 01:03:46]} {[%emt 00:00:11]} Rf6 {[%clk 01:06:12]} {[%emt 00:00:16]}
39. d6 {[%clk 01:04:00]} {[%emt 00:00:17]} Re6 {[%clk 01:06:01]} {[%emt
00:00:41]} 40. Ra8+ {[%clk 01:03:36]} {[%emt 00:00:54]} Re8 {[%clk 01:06:17]}
{[%emt 00:00:13]} 41. Rxe8+ {[%clk 01:03:51]} {[%emt 00:00:16]} Kxe8 {[%clk
01:06:26]} {[%emt 00:00:21]} 42. a5 {[%clk 01:04:16]} {[%emt 00:00:06]} Kd8
{[%clk 01:06:09]} {[%emt 00:00:46]} 43. a6 {[%clk 01:04:37]} {[%emt 00:00:09]}
Kc8 {[%clk 01:06:25]} {[%emt 00:00:14]} 44. a7 {[%clk 01:04:53]} {[%emt
00:00:14]} Kb7 {[%clk 01:06:40]} {[%emt 00:00:15]} 45. a8=Q+ {[%emt 00:00:12]}
Kxa8 {[%clk 01:06:57]} {[%emt 00:00:13]} 46. d7 {[%clk 01:05:26]} {[%emt
00:00:15]} Kb7 {[%clk 01:07:09]} {[%emt 00:00:18]} 47. d8=Q {[%emt 00:00:09]}
Kc6 {[%clk 01:07:20]} {[%emt 00:00:19]} 48. Nd4+ {[%clk 01:06:03]} {[%emt
00:00:14]} Kc5 {[%clk 01:07:35]} {[%emt 00:00:14]} 49. Qd7 {[%clk 01:06:09]}
{[%emt 00:00:24]} Kb6 {[%clk 01:07:50]} {[%emt 00:00:17]} 50. Qc6+ {[%clk
01:06:31]} {[%emt 00:00:07]} Ka7 {[%clk 01:08:10]} {[%emt 00:00:11]} 51. Nb5+
{[%clk 01:06:46]} {[%emt 00:00:15]} Kb8 {[%clk 01:08:21]} {[%emt 00:00:18]} 52.
Qc7+ {[%clk 01:07:05]} {[%emt 00:00:12]} Ka8 {[%clk 01:08:24]} {[%emt
00:00:27]} 53. Qb6 {[%clk 01:07:27]} {[%emt 00:00:08]} g4 {[%clk 01:08:25]}
{[%emt 00:00:29]} 54. Nc7# {[%emt 00:00:28]} 1-0

[Event "ODJM C 2024"]
[Site "Willingen GER"]
[Date "2024.05.22"]
[Round "5"]
[White "Trunz, Daniel"]
[Black "Lange, Lene Marie"]
[Result "0-1"]
[Termination "normal"]
[Board "22"]
[WhiteElo "1458"]
[BlackElo "1497"]
[WhiteClock "01:03:32"]
[BlackClock "00:46:45"]
[PlyCount "58"]
[WhiteFideId "34640797"]
[BlackFideId "34639748"]
[EventCountry "GER"]
[EventRounds "9"]
[EventType "swiss"]
[EventDate "2024.05.18"]

1. e4 {[%clk 01:30:55]} {[%emt 00:00:05]} e5 {[%clk 01:30:52]} {[%emt
00:00:08]} 2. Nf3 {[%clk 01:31:07]} {[%emt 00:00:18]} Nf6 {[%clk 01:31:01]}
{[%emt 00:00:21]} 3. Bc4 {[%clk 01:31:25]} {[%emt 00:00:12]} Nc6 {[%clk
01:29:06]} {[%emt 00:02:25]} 4. Ng5 {[%clk 01:30:09]} {[%emt 00:01:46]} d5
{[%clk 01:26:45]} {[%emt 00:03:13]} 5. exd5 {[%clk 01:28:40]} {[%emt 00:01:35]}
Nxd5 {[%clk 01:26:41]} {[%emt 00:00:35]} 6. Qf3 {[%clk 01:26:52]} {[%emt
00:02:17]} Qxg5 {[%clk 01:23:47]} {[%emt 00:03:25]} 7. Bxd5 {[%clk 01:26:03]}
{[%emt 00:01:20]} Qf6 {[%clk 01:22:00]} {[%emt 00:02:17]} 8. Qc3 {[%clk
01:25:48]} {[%emt 00:00:45]} Bd7 {[%clk 01:20:00]} {[%emt 00:02:29]} 9. O-O
{[%clk 01:25:21]} {[%emt 00:00:58]} Bd6 {[%clk 01:17:04]} {[%emt 00:03:26]} 10.
Re1 {[%clk 01:25:11]} {[%emt 00:00:39]} O-O {[%clk 01:14:22]} {[%emt 00:03:12]}
11. d3 {[%clk 01:23:35]} {[%emt 00:02:08]} Rfe8 {[%clk 01:08:29]} {[%emt
00:06:22]} 12. Qb3 {[%clk 01:22:43]} {[%emt 00:01:22]} Rab8 {[%clk 01:04:46]}
{[%emt 00:04:12]} 13. Re3 {[%clk 01:22:24]} {[%emt 00:00:49]} Be6 {[%clk
01:04:30]} {[%emt 00:00:47]} 14. Rf3 {[%clk 01:16:39]} {[%emt 00:06:15]} Bxd5
{[%clk 01:02:56]} {[%emt 00:02:03]} 15. Qxd5 {[%clk 01:16:14]} {[%emt
00:00:56]} Qe6 {[%clk 01:02:22]} {[%emt 00:01:04]} 16. Qe4 {[%clk 01:16:22]}
{[%emt 00:00:21]} Qg6 {[%clk 00:59:42]} {[%emt 00:03:10]} 17. Qh4 {[%clk
01:16:23]} {[%emt 00:00:29]} Be7 {[%clk 00:58:34]} {[%emt 00:01:39]} 18. Qh3
{[%clk 01:16:00]} {[%emt 00:00:52]} Nd4 {[%clk 00:57:48]} {[%emt 00:01:17]} 19.
Re3 {[%clk 01:12:41]} {[%emt 00:03:50]} Nxc2 {[%clk 00:57:35]} {[%emt
00:00:42]} 20. Rg3 {[%clk 01:12:06]} {[%emt 00:01:05]} Qe6 {[%clk 00:57:16]}
{[%emt 00:00:50]} 21. Qh5 {[%clk 01:11:17]} {[%emt 00:01:18]} Nxa1 {[%clk
00:56:13]} {[%emt 00:01:32]} 22. Bh6 {[%clk 01:10:40]} {[%emt 00:01:06]} Bf6
{[%clk 00:55:50]} {[%emt 00:00:55]} 23. Nc3 {[%clk 01:09:43]} {[%emt 00:01:26]}
Kf8 {[%clk 00:54:05]} {[%emt 00:02:15]} 24. Be3 {[%clk 01:08:56]} {[%emt
00:01:17]} Ke7 {[%clk 00:52:00]} {[%emt 00:02:36]} 25. Bc5+ {[%clk 01:08:06]}
{[%emt 00:01:20]} Kd8 {[%clk 00:52:12]} {[%emt 00:00:17]} 26. Qf3 {[%clk
01:05:35]} {[%emt 00:03:00]} Qc6 {[%clk 00:48:07]} {[%emt 00:04:36]} 27. Ne4
{[%clk 01:04:50]} {[%emt 00:01:15]} Be7 {[%clk 00:47:06]} {[%emt 00:01:32]} 28.
Bxa7 {[%clk 01:04:05]} {[%emt 00:01:14]} Qc1+ {[%clk 00:46:59]} {[%emt
00:00:38]} 29. Qd1 {[%clk 01:03:32]} {[%emt 00:01:03]} Qxd1# {[%clk 00:46:45]}
{[%emt 00:00:09]} 0-1

[Event "ODJM C 2024"]
[Site "Willingen GER"]
[Date "2024.05.22"]
[Round "5"]
[White "Wilting, Oskar"]
[Black "Moissl, Julian"]
[Result "1/2-1/2"]
[Termination "normal"]
[Board "23"]
[WhiteElo "1503"]
[BlackElo "1560"]
[WhiteClock "00:50:48"]
[BlackClock "00:30:48"]
[PlyCount "76"]
[WhiteFideId "34640053"]
[BlackFideId "16295129"]
[EventCountry "GER"]
[EventRounds "9"]
[EventType "swiss"]
[EventDate "2024.05.18"]

1. d4 {[%clk 01:30:58]} {[%emt 00:00:02]} d5 {[%clk 01:30:57]} {[%emt
00:00:04]} 2. Nc3 {[%clk 01:31:20]} {[%emt 00:00:06]} Nf6 {[%clk 01:31:11]}
{[%emt 00:00:17]} 3. Bf4 {[%clk 01:31:36]} {[%emt 00:00:12]} Bf5 {[%clk
01:30:57]} {[%emt 00:00:46]} 4. f3 {[%clk 01:31:50]} {[%emt 00:00:16]} e6
{[%clk 01:30:11]} {[%emt 00:01:17]} 5. g4 {[%clk 01:31:28]} {[%emt 00:00:51]}
Bg6 {[%clk 01:30:27]} {[%emt 00:00:15]} 6. h4 {[%clk 01:31:44]} {[%emt
00:00:12]} h6 {[%clk 01:28:37]} {[%emt 00:02:21]} 7. e3 {[%emt 00:01:50]} Bd6
{[%clk 01:26:09]} {[%emt 00:02:21]} 8. Nh3 {[%clk 01:30:12]} {[%emt 00:01:18]}
a6 {[%clk 01:22:39]} {[%emt 00:04:02]} 9. Bd3 {[%clk 01:28:42]} {[%emt
00:01:58]} Bxd3 {[%clk 01:20:35]} {[%emt 00:02:35]} 10. Qxd3 {[%clk 01:28:14]}
{[%emt 00:00:57]} Nc6 {[%clk 01:17:23]} {[%emt 00:03:44]} 11. O-O-O {[%clk
01:22:51]} {[%emt 00:05:52]} Qe7 {[%clk 01:12:42]} {[%emt 00:05:11]} 12. g5
{[%clk 01:20:03]} {[%emt 00:03:18]} hxg5 {[%clk 01:13:01]} {[%emt 00:00:11]}
13. Bxd6 {[%clk 01:20:00]} {[%emt 00:00:33]} Qxd6 {[%clk 01:11:13]} {[%emt
00:02:18]} 14. hxg5 {[%clk 01:19:40]} {[%emt 00:00:50]} Nd7 {[%clk 01:10:17]}
{[%emt 00:01:26]} 15. Nf4 {[%clk 01:18:47]} {[%emt 00:01:22]} O-O-O {[%clk
01:10:03]} {[%emt 00:00:46]} 16. a3 {[%clk 01:16:18]} {[%emt 00:02:58]} Ne7
{[%clk 01:06:10]} {[%emt 00:04:24]} 17. Rhg1 {[%clk 01:09:31]} {[%emt
00:07:17]} e5 {[%clk 01:00:11]} {[%emt 00:06:29]} 18. Nfxd5 {[%clk 01:06:10]}
{[%emt 00:03:50]} Nxd5 {[%clk 00:59:15]} {[%emt 00:01:26]} 19. dxe5 {[%clk
01:06:07]} {[%emt 00:00:33]} Qxe5 {[%clk 00:54:05]} {[%emt 00:05:40]} 20. Qxd5
{[%clk 01:03:49]} {[%emt 00:02:48]} Qxe3+ {[%clk 00:52:16]} {[%emt 00:02:18]}
21. Kb1 {[%clk 01:02:58]} {[%emt 00:01:22]} Ne5 {[%clk 00:50:18]} {[%emt
00:02:29]} 22. Qe4 {[%clk 01:02:32]} {[%emt 00:00:55]} Qxe4 {[%clk 00:47:02]}
{[%emt 00:03:46]} 23. fxe4 {[%clk 01:01:46]} {[%emt 00:01:16]} Rh5 {[%clk
00:45:49]} {[%emt 00:01:43]} 24. Rdf1 {[%clk 00:59:38]} {[%emt 00:02:38]} g6
{[%clk 00:43:14]} {[%emt 00:03:04]} 25. Nd5 {[%clk 00:57:01]} {[%emt 00:03:08]}
Rh4 {[%clk 00:39:11]} {[%emt 00:04:33]} 26. Nf6 {[%clk 00:56:01]} {[%emt
00:01:30]} Nc4 {[%clk 00:38:26]} {[%emt 00:01:16]} 27. Rd1 {[%clk 00:54:49]}
{[%emt 00:01:41]} Nd2+ {[%clk 00:36:01]} {[%emt 00:02:55]} 28. Kc1 {[%clk
00:54:40]} {[%emt 00:00:39]} Nxe4 {[%clk 00:36:23]} {[%emt 00:00:09]} 29. Rxd8+
{[%clk 00:54:24]} {[%emt 00:00:46]} Kxd8 {[%clk 00:36:45]} {[%emt 00:00:08]}
30. Rd1+ {[%clk 00:54:39]} {[%emt 00:00:14]} Kc8 {[%clk 00:36:02]} {[%emt
00:01:14]} 31. Re1 {[%clk 00:52:42]} {[%emt 00:02:26]} Nxf6 {[%clk 00:35:28]}
{[%emt 00:01:04]} 32. gxf6 {[%clk 00:52:56]} {[%emt 00:00:15]} Rf4 {[%clk
00:34:15]} {[%emt 00:01:44]} 33. Re8+ {[%clk 00:52:38]} {[%emt 00:00:48]} Kd7
{[%clk 00:34:25]} {[%emt 00:00:20]} 34. Re7+ {[%clk 00:52:29]} {[%emt
00:00:39]} Kd8 {[%clk 00:33:04]} {[%emt 00:01:52]} 35. Rxf7 {[%clk 00:52:12]}
{[%emt 00:00:47]} Ke8 {[%clk 00:31:30]} {[%emt 00:02:04]} 36. Rxc7 {[%clk
00:52:17]} {[%emt 00:00:25]} Rxf6 {[%clk 00:31:20]} {[%emt 00:00:40]} 37. Rxb7
{[%clk 00:52:21]} {[%emt 00:00:26]} Kf8 {[%clk 00:30:41]} {[%emt 00:01:08]} 38.
Rb8+ {[%clk 00:50:48]} {[%emt 00:02:03]} Kf7 {[%clk 00:30:48]} {[%emt
00:00:23]} 1/2-1/2